| 000 | 00529nam a22002057a 4500 | ||
|---|---|---|---|
| 003 | OSt | ||
| 005 | 20210420061302.0 | ||
| 008 | 201126s1973 | ||
| 040 | _cDLC | ||
| 041 | _aeng | ||
| 080 |
_a61 _bW-19 |
||
| 100 |
_9376 _aWalker,H.Kenneth |
||
| 245 |
_aApplying the problem-oriented system _cWilson,B.Robert |
||
| 260 |
_aatlanta _bmedcom press _c1973 |
||
| 300 | _a472 | ||
| 650 | 0 |
_9377 _aApplying the Problem-oriented system |
|
| 653 | _aმედიცინა | ||
| 700 |
_9378 _aWilson,B.Robert _eeditor |
||
| 942 |
_2udc _cBK |
||
| 999 |
_c455 _d455 |
||